[Event "Sparkassen-Open B"]
[Site "Heusenstamm, Martinsee"]
[Date "2019.11.24"]
[Round "6.43"]
[White "Follert, Christian"]
[Black "Welther, Patrick"]
[Result "0-1"]
[WhiteElo "1392"]
[BlackElo "1586"]
[PlyCount "86"]
[EventDate "2019.??.??"]
[WhiteTeam "SF Seligenstadt"]
[BlackTeam "SC Gelnhausen"]

1. d4 Nf6 2. Bf4 g6 3. e3 Bg7 4. Be2 d6 5. h3 O-O 6. Nf3 c5 7. c3 cxd4 8. cxd4
Qb6 9. b3 Nd5 10. Bh2 Bf5 11. Bc4 Nb4 12. Na3 d5 13. O-O dxc4 14. Nxc4 Qa6 15.
a3 N4c6 16. Nfe5 Nxe5 17. Bxe5 b5 18. Bxg7 Kxg7 19. g4 bxc4 20. gxf5 cxb3 21.
Qxb3 gxf5 22. Kh1 Kh8 23. Qd5 Qc6 24. Qxc6 Nxc6 25. Rab1 Rab8 26. Rxb8 Rxb8 27.
Rc1 Nd8 28. Rc7 Rb7 29. Rc8 Rd7 30. Kg2 Kg7 31. Kf3 Kf6 32. h4 e6 33. a4 Ke7
34. Rc4 Kd6 35. Rc1 f6 36. Rg1 Nf7 37. a5 Kc6 38. Rc1+ Kb7 39. a6+ Kb6 40. Ke2
Rc7 41. Ra1 Nd6 42. h5 Ne4 43. Kf3 Rc2 0-1

[Event "Sparkassen-Open B"]
[Site "Heusenstamm, Martinsee"]
[Date "2019.11.24"]
[Round "6.44"]
[White "Dixon, Laura Michaela"]
[Black "Ghaznavi, Massoud"]
[Result "1-0"]
[WhiteElo "1272"]
[BlackElo "1562"]
[PlyCount "109"]
[EventDate "2019.??.??"]
[WhiteTeam "VSG Offenbach"]
[BlackTeam "SV Oberursel"]

1. e4 c6 2. d4 d5 3. e5 Bf5 4. Nf3 e6 5. Be3 Ne7 6. Nbd2 Ng6 7. Be2 Bb4 8. c3
Ba5 9. O-O h6 10. Rc1 b5 11. b4 Bb6 12. a4 a6 13. a5 Ba7 14. h3 Ne7 15. Nh2 Bg6
16. f4 Nf5 17. Bf2 Nd7 18. Ndf3 Rc8 19. Qe1 f6 20. Nh4 Bh7 21. Bh5+ Kf8 22.
Ng6+ Bxg6 23. Bxg6 Ne7 24. Bd3 f5 25. Bh4 Qe8 26. g4 g5 27. fxg5 hxg5 28. Bxg5
Qg6 29. h4 Ke8 30. Rc2 Qg7 31. gxf5 Qxe5 32. Re2 Bxd4+ 33. cxd4 Qxd4+ 34. Kh1
e5 35. Bxe7 Kxe7 36. Bc2 Rxh4 37. Qg3 Rf8 38. f6+ Kd8 39. Qg7 Qxb4 40. Rfe1 Qd6
41. f7 Rh5 42. Bg6 Rg5 43. Rg2 Rxg2 44. Kxg2 Qb4 45. Re2 Qe7 46. Ng4 Qg5 47.
Kh3 e4 48. Re3 Kc7 49. Rc3 b4 50. Rb3 c5 51. Rb1 Kc6 52. Rf1 Qe7 53. Nf6 Ne5
54. Nh7 Nxg6 55. Qxg6+ 1-0

[Event "Sparkassen-Open B"]
[Site "Heusenstamm, Martinsee"]
[Date "2019.11.24"]
[Round "6.45"]
[White "Spinnler, Wolfgang"]
[Black "Peschk, Kathrin"]
[Result "0-1"]
[WhiteElo "1541"]
[BlackElo "1411"]
[PlyCount "68"]
[EventDate "2019.??.??"]
[WhiteTeam "SC Landskrone"]
[BlackTeam "SV Groß-Gerau"]

1. Nf3 Nc6 2. c4 e5 3. d3 f5 4. e3 Nf6 5. Nc3 Bb4 6. Bd2 O-O 7. a3 Bxc3 8. Bxc3
d6 9. b4 a6 10. Qb3 Kh8 11. Be2 Qe8 12. b5 axb5 13. cxb5 Be6 14. Qc2 Ne7 15. a4
Ng6 16. h3 c6 17. d4 exd4 18. Bxd4 c5 19. Bxf6 Rxf6 20. O-O b6 21. Rfd1 d5 22.
Qd2 Rf7 23. Ng5 Rd7 24. Nxe6 Qxe6 25. Bf3 Rad8 26. a5 Ne5 27. Be2 Nc4 28. Bxc4
dxc4 29. Qe1 bxa5 30. Rxd7 Qxd7 31. Qxa5 Qd5 32. Qa7 Qd6 33. b6 c3 34. Qa8 c2
0-1

[Event "Sparkassen-Open B"]
[Site "Heusenstamm, Martinsee"]
[Date "2019.11.24"]
[Round "6.46"]
[White "Klein, Simon"]
[Black "Ketting, Douwe"]
[Result "1-0"]
[WhiteElo "1371"]
[BlackElo "1534"]
[PlyCount "93"]
[EventDate "2019.??.??"]
[WhiteTeam "SK Hungen"]
[BlackTeam "SC Somborn"]

1. d4 Nf6 2. Bf4 Nh5 3. Bd2 d6 4. e4 g6 5. Nf3 Bg7 6. Nc3 Nc6 7. Be3 O-O 8. Qd2
e5 9. dxe5 Nxe5 10. Bg5 Nxf3+ 11. gxf3 Bxc3 12. bxc3 Qe8 13. Bh6 Ng7 14. Be2
Qe5 15. O-O-O Be6 16. Kb2 Rfb8 17. Qd4 b5 18. f4 Qxd4 19. cxd4 c5 20. d5 Bd7
21. h4 a5 22. h5 a4 23. hxg6 fxg6 24. e5 dxe5 25. fxe5 Bf5 26. Rh4 c4 27. Rdh1
a3+ 28. Kc1 Ne8 29. d6 Ra7 30. Bg4 Bxg4 31. Rxg4 Rf7 32. Rf4 Rxf4 33. Bxf4 Ng7
34. Rd1 Ne6 35. Bg3 g5 36. Rh1 Kg7 37. Kd2 h6 38. Ke3 b4 39. f4 gxf4+ 40. Bxf4
Nxf4 41. Kxf4 b3 42. cxb3 cxb3 43. axb3 Rxb3 44. d7 Rd3 45. e6 Kf6 46. Re1 a2
47. e7 1-0

[Event "Sparkassen-Open B"]
[Site "Heusenstamm, Martinsee"]
[Date "2019.11.24"]
[Round "6.47"]
[White "Wöhl, Torsten"]
[Black "Krasowitzki, Jan"]
[Result "0-1"]
[WhiteElo "1522"]
[BlackElo "1173"]
[PlyCount "72"]
[EventDate "2019.??.??"]
[WhiteTeam "SC Groß-Zimmern"]
[BlackTeam "VSG Offenbach"]

1. d4 d5 2. Bf4 Nc6 3. e3 Nf6 4. Nd2 Bf5 5. c4 Nb4 6. Qa4+ Nc6 7. Ngf3 Bd7 8.
c5 b5 9. Bxb5 Nb8 10. c6 Bf5 11. Ne5 a6 12. Be2 e6 13. Ndf3 Bd6 14. Nh4 Be4 15.
f3 Nh5 16. Bg3 Nxg3 17. hxg3 f6 18. fxe4 fxe5 19. Ng6 Rg8 20. Nxe5 Qg5 21. Rh3
Qxe3 22. Qb3 Qxd4 23. Nd7 Nxc6 24. exd5 exd5 25. Rd1 Qb4+ 26. Kf1 Qxb3 27. axb3
Kxd7 28. Rxd5 Rgf8+ 29. Kg1 Nb4 30. Rg5 Rf7 31. Rxh7 Bf8 32. Rg4 Re8 33. Rd4+
Kc6 34. Bh5 Re1+ 35. Kh2 Rff1 36. Bf3+ Kb6 0-1

[Event "Sparkassen-Open B"]
[Site "Heusenstamm, Martinsee"]
[Date "2019.11.24"]
[Round "6.48"]
[White "Fuchs, Henrik"]
[Black "Martin, Peter"]
[Result "1-0"]
[WhiteElo "1348"]
[BlackElo "1395"]
[PlyCount "131"]
[EventDate "2019.??.??"]
[WhiteTeam "SC Bad Soden"]
[BlackTeam "SC Wittlich"]

1. d4 Nf6 2. c4 d6 3. Nf3 Bg4 4. e3 Nbd7 5. h3 Bh5 6. Be2 c5 7. Nc3 e6 8. O-O
Be7 9. b3 O-O 10. Bb2 b6 11. d5 exd5 12. Nxd5 Nxd5 13. Qxd5 Bf6 14. Bxf6 Nxf6
15. Qd2 d5 16. Rfd1 dxc4 17. Qxd8 Rfxd8 18. Bxc4 a6 19. g4 Bg6 20. Ne5 b5 21.
Nxg6 hxg6 22. Be2 Rdc8 23. Bf3 Ra7 24. Rd6 Kf8 25. Rad1 Ke7 26. Rc6 Rxc6 27.
Bxc6 Rc7 28. Bf3 a5 29. g5 Nd7 30. Be2 c4 31. Rc1 Nb6 32. bxc4 bxc4 33. Kf1 Kd6
34. Ke1 Kc5 35. a3 Kd5 36. Bf3+ Kc5 37. Bd1 Nd5 38. Bf3 f5 39. Bxd5 Kxd5 40. f3
Ke5 41. f4+ Kd5 42. Kd2 Kc5 43. Rb1 Rd7+ 44. Ke2 Rd3 45. a4 Rb3 46. Ra1 Kb4 47.
Kd2 Rd3+ 48. Ke2 Ra3 49. Rb1+ Kxa4 50. Rb7 Ra2+ 51. Kd1 c3 52. Kc1 Rb2 53. Rxg7
Rb6 54. Kc2 Kb4 55. Rc7 a4 56. Rxc3 Ra6 57. Rc8 Ra5 58. Rb8+ Rb5 59. Rxb5+ Kxb5
60. h4 Kc5 61. h5 Kd6 62. hxg6 Ke7 63. Kb2 Kf8 64. Ka3 Kg7 65. Kxa4 Kxg6 66.
Kb4 1-0

[Event "Sparkassen-Open B"]
[Site "Heusenstamm, Martinsee"]
[Date "2019.11.24"]
[Round "6.49"]
[White "Solovej, Philip"]
[Black "Grünzig, Matthias"]
[Result "1/2-1/2"]
[WhiteElo "1245"]
[BlackElo "1457"]
[PlyCount "42"]
[EventDate "2019.??.??"]
[WhiteTeam "SK Gründau"]
[BlackTeam "Berkershm"]

1. e4 d5 2. exd5 Qxd5 3. Nc3 Qa5 4. d4 c6 5. Nf3 Nf6 6. Bd2 Qb6 7. b3 Bg4 8.
Be3 Nd5 9. Nxd5 cxd5 10. Be2 Nd7 11. O-O Rc8 12. Rc1 e6 13. c3 Qa5 14. Qd2 Ba3
15. Rc2 Bf5 16. Bd3 Bxd3 17. Qxd3 Be7 18. Bf4 Bf6 19. Re1 a6 20. Bd6 Rc6 21.
Bb4 Qb6 1/2-1/2

[Event "Sparkassen-Open B"]
[Site "Heusenstamm, Martinsee"]
[Date "2019.11.24"]
[Round "6.50"]
[White "Köpke, Carolina"]
[Black "Fischer, Juliane"]
[Result "1/2-1/2"]
[WhiteElo "1453"]
[BlackElo "1369"]
[PlyCount "73"]
[EventDate "2019.??.??"]
[WhiteTeam "SV Oberursel"]
[BlackTeam "SK Gernsheim"]

1. d4 d5 2. Bf4 Nf6 3. e3 e6 4. Nd2 Bd6 5. Bg3 c5 6. c3 Qc7 7. Bd3 Nbd7 8. Ngf3
O-O 9. Bxd6 Qxd6 10. O-O e5 11. dxe5 Nxe5 12. Nxe5 Qxe5 13. Re1 Re8 14. Nf3 Qh5
15. Be2 Bg4 16. Qb3 b6 17. Rad1 Rad8 18. h3 Bxf3 19. Bxf3 Qg5 20. Qa4 Rd7 21.
c4 Red8 22. cxd5 Nxd5 23. e4 Nf6 24. Rxd7 Nxd7 25. Rd1 Ne5 26. Rxd8+ Qxd8 27.
Be2 Qb8 28. f4 Ng6 29. g3 Kf8 30. Kf2 Ke7 31. Bg4 Qb7 32. Ke3 b5 33. Qd1 Nf8
34. Bf3 Ne6 35. e5 Qc7 36. Qd5 Qb6 37. Qb7+ 1/2-1/2

[Event "Sparkassen-Open B"]
[Site "Heusenstamm, Martinsee"]
[Date "2019.11.24"]
[Round "6.51"]
[White "Moldenhauer, Nils"]
[Black "Trenz, Finn"]
[Result "0-1"]
[WhiteElo "1453"]
[BlackElo "1358"]
[PlyCount "90"]
[EventDate "2019.??.??"]
[WhiteTeam "SV Oberursel"]
[BlackTeam "SK Gau-Algesheim"]

1. e4 e5 2. Nf3 Nc6 3. Bc4 Bc5 4. c3 Nf6 5. d3 d6 6. O-O Bg4 7. Nbd2 O-O 8. Re1
Re8 9. Nf1 d5 10. exd5 Nxd5 11. h3 Bh5 12. Ng3 Bg6 13. d4 Nb6 14. Bb3 exd4 15.
Rxe8+ Qxe8 16. Nxd4 Rd8 17. Be3 Nxd4 18. Bxd4 Bxd4 19. cxd4 c5 20. d5 c4 21.
Bc2 Rxd5 22. Qc1 Bxc2 23. Qxc2 g6 24. Qc3 Qe5 25. Qb4 Rb5 26. Qc3 Qxc3 27. bxc3
Rb2 28. a4 Rb3 29. Ne4 Nd5 30. Rc1 Ra3 31. Nd6 Rxc3 32. Rxc3 Nxc3 33. Nxc4 Nxa4
34. Kf1 Kf8 35. Ke2 Ke7 36. Kd2 Ke6 37. Kd3 Kd5 38. Na5 b6 39. Nb3 Nc5+ 40.
Nxc5 Kxc5 41. Kc3 a5 42. Kb3 b5 43. f3 a4+ 44. Ka3 Kc4 45. Kb2 b4 0-1

[Event "Sparkassen-Open B"]
[Site "Heusenstamm, Martinsee"]
[Date "2019.11.24"]
[Round "6.52"]
[White "Bakó, Isabella"]
[Black "Gnandt, Michael"]
[Result "0-1"]
[WhiteElo "1177"]
[BlackElo "1434"]
[PlyCount "152"]
[EventDate "2019.??.??"]
[WhiteTeam "TSV Langenau"]
[BlackTeam "SV Steinhausen"]

1. e4 e5 2. Nf3 Nc6 3. d4 exd4 4. c3 dxc3 5. Bc4 Na5 6. Bxf7+ Kxf7 7. Qd5+ Ke8
8. Qxa5 Nf6 9. Nxc3 d6 10. Bg5 Be7 11. e5 dxe5 12. Rd1 Bd6 13. Nd5 b6 14. Qc3
Bb7 15. Qb3 Rf8 16. Qa4+ Qd7 17. Nxc7+ Ke7 18. Qxd7+ Kxd7 19. Nxa8 Bxa8 20. O-O
Ke6 21. Rfe1 Ne4 22. Re2 h6 23. Nd2 Nxg5 24. Nc4 Nf7 25. f4 Bc5+ 26. Kh1 e4 27.
Nd2 Kf5 28. Rde1 Re8 29. Nb3 Bb4 30. Rf1 h5 31. Nd4+ Kg6 32. f5+ Kf6 33. Ne6
Rc8 34. a3 Be7 35. Ref2 Ng5 36. Nxg7 Rh8 37. h4 Nf7 38. Ne6 Bd6 39. Nd4 Bc5 40.
Rd1 Rd8 41. Rfd2 a5 42. Ne2 Rxd2 43. Rxd2 Kxf5 44. Ng3+ Kg4 45. Rd7 Kxg3 46.
Rxf7 Bf2 47. Rg7+ Kxh4 48. Kh2 e3 49. g3+ Bxg3+ 50. Rxg3 e2 51. Re3 Bf3 52. Re8
Kg4 53. Re7 Kf4 54. Rf7+ Ke3 55. Re7+ Kf2 56. b4 e1=Q 57. Rxe1 Kxe1 58. Kg3 Ke2
59. b5 Ke3 60. Kh4 Kd4 61. a4 Kc4 62. Kg3 Bg4 63. Kf2 Kb4 64. Ke3 Kxa4 65. Kd3
Kxb5 66. Kc3 h4 67. Kb3 h3 68. Kc2 h2 69. Kd3 h1=Q 70. Kd4 Qc1 71. Ke5 a4 72.
Kd4 a3 73. Kd3 a2 74. Ke4 a1=R 75. Kd5 Qd2+ 76. Ke4 Re1# 0-1

[Event "Sparkassen-Open B"]
[Site "Heusenstamm, Martinsee"]
[Date "2019.11.24"]
[Round "6.53"]
[White "Brunner, Andreas"]
[Black "Jansen, Malte"]
[Result "1-0"]
[WhiteElo "1449"]
[BlackElo "790"]
[PlyCount "53"]
[EventDate "2019.??.??"]
[WhiteTeam "Berkershm"]
[BlackTeam "SC Herborn"]

1. d4 d5 2. c4 e6 3. Nf3 Nf6 4. Bg5 Be7 5. e3 b6 6. cxd5 exd5 7. Bd3 Nc6 8. a3
Bg4 9. Nbd2 O-O 10. O-O h6 11. Bh4 Re8 12. Rc1 Qd6 13. Bb5 Bd7 14. Bg3 Qe6 15.
Qa4 Nb8 16. Bxd7 Nbxd7 17. Rxc7 Bd6 18. Bxd6 Qxd6 19. Rfc1 Nf8 20. R1c6 Qd8 21.
Ne5 Re7 22. Qc2 Ne6 23. Rc8 Rxc8 24. Rxc8 Qxc8 25. Qxc8+ Kh7 26. Nxf7 Rc7 27.
Qxe6 1-0

[Event "Sparkassen-Open B"]
[Site "Heusenstamm, Martinsee"]
[Date "2019.11.24"]
[Round "6.54"]
[White "Laux, Filip"]
[Black "Hahnenstein, Leon"]
[Result "0-1"]
[WhiteElo "1129"]
[BlackElo "1449"]
[PlyCount "64"]
[EventDate "2019.??.??"]
[WhiteTeam "VSG Offenbach"]
[BlackTeam "SC Herborn"]

1. e4 e5 2. Nf3 Nc6 3. Bc4 Bc5 4. c3 Nf6 5. d3 d6 6. Bb3 Ne7 7. Nbd2 Ng6 8. O-O
O-O 9. h3 Be6 10. Bxe6 fxe6 11. b4 Bb6 12. Re1 Qd7 13. Nf1 Rf7 14. Ng3 Raf8 15.
Qd2 Nf4 16. d4 Qb5 17. a4 Qd3 18. a5 Nxh3+ 19. gxh3 Qxf3 20. Ra2 Nh5 21. Nxh5
Qxh5 22. Qe3 Rf3 23. Qg5 Qxh3 24. Ree2 R8f6 25. axb6 cxb6 26. Rxa7 Rg6 27. Qxg6
hxg6 28. Rxb7 Qg4+ 29. Kf1 Rh3 30. Ke1 Rh1+ 31. Kd2 Rxc1 32. Re3 Qd1# 0-1

[Event "Sparkassen-Open B"]
[Site "Heusenstamm, Martinsee"]
[Date "2019.11.24"]
[Round "6.56"]
[White "Hüttinger, Siegfried"]
[Black "Bondarevsky, David"]
[Result "1-0"]
[WhiteElo "1510"]
[BlackElo "1403"]
[PlyCount "67"]
[EventDate "2019.??.??"]
[WhiteTeam "SC Königsspringer Alzenau"]
[BlackTeam "TuS Makkabi"]

1. c4 e5 2. Nc3 Nf6 3. g3 Bc5 4. e3 d6 5. Bg2 c6 6. Nge2 Be6 7. b3 Nbd7 8. a3
Bb6 9. O-O O-O 10. d4 exd4 11. exd4 d5 12. c5 Bc7 13. Re1 b6 14. Na4 bxc5 15.
Nxc5 Nxc5 16. dxc5 Qe7 17. b4 a5 18. Bb2 axb4 19. axb4 Rxa1 20. Qxa1 Rb8 21.
Nd4 Qd7 22. Qa4 Qe8 23. Bc3 Ra8 24. Qxc6 Qxc6 25. Nxc6 Ra3 26. Rc1 Ne4 27. Bxe4
dxe4 28. b5 Bd7 29. Nd4 Be5 30. c6 Bc8 31. b6 Ra6 32. b7 Bxb7 33. cxb7 Rb6 34.
Ba5 1-0

[Event "Sparkassen-Open B"]
[Site "Heusenstamm, Martinsee"]
[Date "2019.11.24"]
[Round "6.57"]
[White "Federenko, Ingo"]
[Black "Bosse, Christian"]
[Result "1/2-1/2"]
[WhiteElo "1359"]
[BlackElo "1507"]
[PlyCount "37"]
[EventDate "2019.??.??"]
[WhiteTeam "SC FK Babenhausen"]
[BlackTeam "SF Nordost Berlin"]

1. d4 Nf6 2. c4 e6 3. Nc3 Bb4 4. Bd2 O-O 5. e3 b6 6. Nf3 Bb7 7. Bd3 a5 8. O-O
Ba6 9. a3 Bxc3 10. Bxc3 d5 11. cxd5 Bxd3 12. Qxd3 Nxd5 13. Rfc1 Nd7 14. e4 Nxc3
15. bxc3 Qe7 16. c4 Rfd8 17. Re1 h6 18. h3 c6 19. a4 1/2-1/2

[Event "Sparkassen-Open B"]
[Site "Heusenstamm, Martinsee"]
[Date "2019.11.24"]
[Round "6.58"]
[White "Laznik, Zeljko"]
[Black "Welker, Alexandra"]
[Result "1/2-1/2"]
[WhiteElo "1432"]
[BlackElo "1441"]
[PlyCount "96"]
[EventDate "2019.??.??"]
[WhiteTeam "SF Heusenstamm"]
[BlackTeam "TuS Makkabi"]

1. e4 e5 2. Nc3 Nc6 3. Nf3 Nf6 4. Bc4 Nxe4 5. Nxe4 d5 6. Bxd5 Qxd5 7. Nc3 Qd8
8. h3 Bc5 9. d3 O-O 10. a3 a5 11. O-O Re8 12. Ne4 Bb6 13. Nh2 f5 14. Nc3 Be6
15. Be3 Nd4 16. Ne2 Qd6 17. Bxd4 Bxd4 18. Nxd4 exd4 19. Qh5 g6 20. Qh6 Qd7 21.
Rae1 Bd5 22. h4 Rxe1 23. Rxe1 Re8 24. Qd2 b6 25. Rxe8+ Qxe8 26. Qf4 c5 27. Kf1
Qc6 28. f3 Be6 29. Qg5 Kg7 30. h5 Bf7 31. h6+ Kf8 32. Qd8+ Be8 33. Kf2 Qe6 34.
Nf1 Kf7 35. b3 Qf6 36. Qc7+ Kg8 37. g3 g5 38. Qb8 Kf8 39. Nd2 Qxh6 40. Nf1 Qe6
41. Qc7 Kg8 42. Qd8 h6 43. f4 g4 44. b4 axb4 45. axb4 Qc6 46. bxc5 bxc5 47. Kg1
Qe6 48. Kf2 Qc6 1/2-1/2

[Event "Sparkassen-Open B"]
[Site "Heusenstamm, Martinsee"]
[Date "2019.11.24"]
[Round "6.59"]
[White "Häfner, Günther"]
[Black "Kuran, Rainer"]
[Result "1/2-1/2"]
[WhiteElo "1323"]
[BlackElo "1464"]
[PlyCount "35"]
[EventDate "2019.??.??"]
[WhiteTeam "Berkershm"]
[BlackTeam "Karlsruher SF"]

1. e4 c6 2. d4 d5 3. c3 dxe4 4. Ne2 Bf5 5. Ng3 Bg6 6. Be3 Nf6 7. Be2 e6 8. Nd2
Nd5 9. Ndxe4 Nxe3 10. fxe3 Qb6 11. Qb3 Qc7 12. Bh5 Nd7 13. Bxg6 hxg6 14. O-O-O
O-O-O 15. Ng5 Nb6 16. Rdf1 Rd7 17. Rf3 Bd6 18. Qd1 1/2-1/2

[Event "Sparkassen-Open B"]
[Site "Heusenstamm, Martinsee"]
[Date "2019.11.24"]
[Round "6.60"]
[White "Griesfeller, Sven"]
[Black "Sallwey, Rainer"]
[Result "1-0"]
[WhiteElo "1518"]
[BlackElo "1416"]
[PlyCount "85"]
[EventDate "2019.??.??"]
[WhiteTeam "SV Büdingen-Ortenberg"]
[BlackTeam "SK Langen"]

1. d4 d5 2. c4 c6 3. Nf3 Nf6 4. Nc3 Bf5 5. Qb3 Qb6 6. Qxb6 axb6 7. cxd5 cxd5 8.
Bf4 e6 9. a3 Be7 10. Nb5 Na6 11. Nd6+ Bxd6 12. Bxd6 Kd7 13. Bf4 Rhc8 14. Ne5+
Ke7 15. Rc1 Rxc1+ 16. Bxc1 Rc8 17. Bg5 Rc2 18. g4 Bg6 19. Nxg6+ fxg6 20. e4
dxe4 21. Bg2 Rxb2 22. Bxe4 Nb8 23. Bxb7 Rb1+ 24. Ke2 Rxh1 25. Bxh1 Kf7 26. Bf4
Nbd7 27. Bc6 h6 28. Kd3 Ke7 29. g5 hxg5 30. Bxg5 Kd6 31. Bf3 e5 32. Kc4 exd4
33. Kxd4 Nc5 34. Bf4+ Kd7 35. Kc4 Kc8 36. Be3 Ncd7 37. Bd4 Kc7 38. Kb5 Ne8 39.
Bg4 Nd6+ 40. Kb4 Nf5 41. Bxf5 gxf5 42. Bxg7 Kc6 43. h4 1-0

[Event "Sparkassen-Open B"]
[Site "Heusenstamm, Martinsee"]
[Date "2019.11.24"]
[Round "6.61"]
[White "Carvelli, Nicolas"]
[Black "Andrianarison, Ny Koloina"]
[Result "0-1"]
[WhiteElo "1459"]
[BlackElo "1398"]
[PlyCount "49"]
[EventDate "2019.??.??"]
[WhiteTeam "SF Seligenstadt"]
[BlackTeam "ESV Gera"]

1. d4 d5 2. c4 e5 3. dxe5 d4 4. Nf3 Nc6 5. b3 a5 6. Bb2 Bc5 7. g3 Nge7 8. Bg2
Ng6 9. O-O Ngxe5 10. Na3 Nxf3+ 11. Bxf3 Nb4 12. Nb5 O-O 13. a3 Na6 14. Nxd4 c6
15. Nc2 Bh3 16. Re1 Qb6 17. Nd4 Rad8 18. e3 Bf5 19. Re2 Bg6 20. Rd2 Rfe8 21.
Be2 Be7 22. Bd3 c5 23. Bxg6 cxd4 24. Bxd4 Qxg6 25. Bb6 0-1

[Event "Sparkassen-Open B"]
[Site "Heusenstamm, Martinsee"]
[Date "2019.11.24"]
[Round "6.62"]
[White "Jelinek, Stefan"]
[Black "Gärtner, Johannes"]
[Result "0-1"]
[WhiteElo "1457"]
[BlackElo "1344"]
[PlyCount "98"]
[EventDate "2019.??.??"]
[WhiteTeam "SC Kahl"]
[BlackTeam "SF Heidesheim"]

1. d4 d5 2. Bf4 Nf6 3. e3 e6 4. Nf3 c5 5. c4 Nc6 6. Nc3 Be7 7. Bd3 O-O 8. Ne5
cxd4 9. Nxc6 bxc6 10. exd4 Bd6 11. Bg3 Re8 12. c5 Bc7 13. Be5 Bxe5 14. dxe5 Nd7
15. Qh5 g6 16. Qe2 Nxc5 17. Bc2 Ba6 18. Qe3 Qb6 19. b3 Rad8 20. Ne2 Qb5 21. a4
Qb4+ 22. Kf1 d4 23. Qf4 Bxe2+ 24. Kxe2 d3+ 25. Kf3 Qxf4+ 26. Kxf4 dxc2 27. b4
Nd3+ 28. Kg5 Rd5 29. f4 Kg7 30. g3 Rd4 31. b5 Rc4 32. Rhf1 h6+ 33. Kg4 c1=Q 34.
Rfxc1 Rxc1 35. Rxc1 Nxc1 36. bxc6 Rc8 37. h4 f6 38. exf6+ Kxf6 39. h5 Rxc6 40.
Kh4 gxh5 41. Kxh5 Kf5 42. g4+ Kxf4 43. Kxh6 Kxg4 44. Kg7 e5 45. Kg8 Rc7 46. Kh8
Kg5 47. Kg8 Kf6 48. Kh8 Kg6 49. Kg8 Rc8# 0-1

[Event "Sparkassen-Open B"]
[Site "Heusenstamm, Martinsee"]
[Date "2019.11.24"]
[Round "6.63"]
[White "Barth, Horst"]
[Black "Sarbu, Marc Constantin"]
[Result "0-1"]
[WhiteElo "1270"]
[BlackElo "1421"]
[PlyCount "82"]
[EventDate "2019.??.??"]
[WhiteTeam "SF Mainz"]
[BlackTeam "SC Saarlouis"]

1. c4 e5 2. Nc3 Nf6 3. e3 Nc6 4. d4 exd4 5. exd4 Bb4 6. Bd2 Nxd4 7. Nb5 Bxd2+
8. Qxd2 Nxb5 9. Qe3+ Qe7 10. Qxe7+ Kxe7 11. cxb5 d5 12. Bd3 Re8 13. O-O-O Ne4
14. Re1 Kf8 15. Re2 Ng5 16. Rxe8+ Kxe8 17. f4 Ne4 18. Nh3 Bxh3 19. gxh3 Nf2 20.
Re1+ Kd7 21. Bf5+ Kd6 22. h4 g6 23. Bc2 Ne4 24. Bb3 Nc5 25. Bc2 f5 26. Re2 Ne4
27. Kd1 Re8 28. a4 c6 29. Bd3 Re6 30. Kc2 Nc5 31. Rxe6+ Kxe6 32. b3 Nxd3 33.
Kxd3 Kd6 34. Kd4 c5+ 35. Kd3 a6 36. bxa6 bxa6 37. Kd2 d4 38. Kc2 Kd5 39. Kd3 a5
40. h3 h5 41. Kd2 Ke4 0-1

[Event "Sparkassen-Open B"]
[Site "Heusenstamm, Martinsee"]
[Date "2019.11.24"]
[Round "6.64"]
[White "Pichl, Johann"]
[Black "Papadopoulos, Leon"]
[Result "1-0"]
[WhiteElo "1315"]
[BlackElo "1388"]
[PlyCount "87"]
[EventDate "2019.??.??"]
[WhiteTeam "SK Bad Homburg"]
[BlackTeam "SV Oberursel"]

1. d4 d5 2. Nf3 e6 3. e3 Nf6 4. c4 c5 5. Bd3 Bd7 6. O-O Nc6 7. Qc2 dxc4 8. Bxc4
Nb4 9. Qb3 Ne4 10. a3 Qa5 11. Nc3 Nxc3 12. Qxc3 cxd4 13. Nxd4 b6 14. Nb3 Nd5
15. Qd4 Qa4 16. Bd2 Bb5 17. Bxd5 Qxd4 18. Nxd4 exd5 19. Nxb5 Rc8 20. Nd4 Bc5
21. Rac1 Kd7 22. Rc2 Bxd4 23. Rxc8 Rxc8 24. exd4 Rc2 25. Bc3 Re2 26. Rd1 f6 27.
Kf1 Re4 28. Re1 Rh4 29. h3 Rf4 30. g3 Rf5 31. f4 g5 32. Bd2 a5 33. g4 Rxf4+ 34.
Bxf4 gxf4 35. Kf2 Kc6 36. Re6+ Kb5 37. Rxf6 Kc4 38. Rxb6 Kxd4 39. Rb5 Ke4 40.
Rxa5 d4 41. Ra8 Kd3 42. b4 Kc2 43. b5 d3 44. Rd8 1-0

[Event "Sparkassen-Open B"]
[Site "Heusenstamm, Martinsee"]
[Date "2019.11.24"]
[Round "6.65"]
[White "Mook, Karl-Jürgen"]
[Black "Matsoukas, Konstantinos"]
[Result "0-1"]
[WhiteElo "1513"]
[BlackElo "1069"]
[PlyCount "70"]
[EventDate "2019.??.??"]
[WhiteTeam "SC Sulzbach"]
[BlackTeam "Frankfurter TV"]

1. e4 e5 2. Nf3 Nc6 3. Be2 Nf6 4. d4 exd4 5. e5 Ng4 6. Nxd4 Ngxe5 7. O-O Bc5 8.
Nf3 O-O 9. Nc3 Re8 10. Bf4 d6 11. h3 Bf5 12. a3 Qd7 13. Nd5 Ne7 14. Ne3 N7g6
15. Bg3 Be4 16. Nd2 Bc6 17. Kh2 Kh8 18. Ndc4 Rad8 19. Nxe5 Nxe5 20. Ng4 f5 21.
Nxe5 dxe5 22. f3 Qf7 23. Qe1 g5 24. Bf2 Bd6 25. Kh1 e4 26. Qc3+ Be5 27. Qb4
exf3 28. Bxf3 Bxf3 29. gxf3 Qh5 30. Kg2 g4 31. fxg4 fxg4 32. h4 g3 33. Be1 Qe2+
34. Bf2 gxf2 35. Kh3 Qf3# 0-1

[Event "Sparkassen-Open B"]
[Site "Heusenstamm, Martinsee"]
[Date "2019.11.24"]
[Round "6.68"]
[White "Özyar, Arin"]
[Black "Kehrein, Lothar"]
[Result "1-0"]
[WhiteElo "1345"]
[BlackElo "981"]
[PlyCount "36"]
[EventDate "2019.??.??"]
[WhiteTeam "SC Bad Soden"]
[BlackTeam "SK Gau-Algesheim"]

1. e4 e5 2. Nf3 Nc6 3. Bc4 Bc5 4. c3 d6 5. d4 exd4 6. cxd4 Bb6 7. O-O Nf6 8.
Re1 Bg4 9. e5 Bxf3 10. exf6+ Kd7 11. Qxf3 Qxf6 12. Qg4+ Kd8 13. Bg5 Qxg5 14.
Qxg5+ Kd7 15. d5 Rhe8 16. dxc6+ bxc6 17. Rxe8 Rxe8 18. Nc3 d5 1-0

[Event "Sparkassen-Open B"]
[Site "Heusenstamm, Martinsee"]
[Date "2019.11.24"]
[Round "6.69"]
[White "Moissl, Julian"]
[Black "Bakó, Evelin"]
[Result "0-1"]
[WhiteElo "915"]
[BlackElo "1240"]
[PlyCount "58"]
[EventDate "2019.??.??"]
[WhiteTeam "SK Bad Homburg"]
[BlackTeam "TSV Langenau"]

1. d4 d5 2. c4 e6 3. Nc3 b6 4. Nf3 Bd6 5. e3 Nf6 6. Bd3 O-O 7. O-O Bb7 8. b3
Nbd7 9. Nb5 Be7 10. Qc2 a6 11. Nc3 c5 12. cxd5 exd5 13. Re1 Rc8 14. Ba3 cxd4
15. Bxe7 Qxe7 16. Nxd4 b5 17. b4 Qxb4 18. Rac1 Rc7 19. Qb3 Qxb3 20. axb3 Rfc8
21. Nce2 Rxc1 22. Nxc1 Ne4 23. Bxe4 dxe4 24. Nf5 Rc7 25. Nd6 Nc5 26. Rd1 Rd7
27. b4 Ne6 28. Nb3 g6 29. Nd4 Rxd6 0-1

[Event "Sparkassen-Open B"]
[Site "Heusenstamm, Martinsee"]
[Date "2019.11.24"]
[Round "6.71"]
[White "Deiringer, Julius"]
[Black "Wohlgemuth, Wolfgang"]
[Result "1-0"]
[WhiteElo "1181"]
[BlackElo "1190"]
[PlyCount "41"]
[EventDate "2019.??.??"]
[WhiteTeam "SV Jedesheim"]
[BlackTeam "TG Biberach"]

1. e4 c5 2. Nf3 d6 3. d4 cxd4 4. Nxd4 a6 5. Nc3 g6 6. Be2 Bg7 7. Be3 Nf6 8. O-O
O-O 9. Nb3 e5 10. Qd2 Be6 11. Rad1 Ne8 12. Bc5 f5 13. Bxd6 Rf7 14. Bxb8 Qxd2
15. Rxd2 Rxb8 16. Rfd1 Bxb3 17. axb3 Bf6 18. Rd7 Nc7 19. Bc4 Be7 20. Rxe7 Rbf8
21. Rxc7 1-0

[Event "Sparkassen-Open B"]
[Site "Heusenstamm, Martinsee"]
[Date "2019.11.24"]
[Round "6.72"]
[White "Neininger, Sarah"]
[Black "Merz, Leander"]
[Result "0-1"]
[WhiteElo "1255"]
[BlackElo "1164"]
[PlyCount "48"]
[EventDate "2019.??.??"]
[WhiteTeam "SV Oberursel"]
[BlackTeam "Schachforum Darmstadt"]

1. e4 e6 2. d4 d5 3. exd5 exd5 4. Bd3 Nc6 5. Nf3 Bg4 6. Be3 g6 7. h3 Be6 8. O-O
Bg7 9. Bb5 Nge7 10. Qd2 a6 11. Ba4 Nf5 12. Bf4 b5 13. Qc3 Ncxd4 14. Nxd4 Bxd4
15. Qc6+ Bd7 16. Re1+ Ne7 17. Qxd5 Bxb2 18. Bb3 O-O 19. Bg5 Nxd5 20. Bxd8 Raxd8
21. Bxd5 Bxa1 22. Nd2 Bc3 23. Re2 Bxd2 24. Rxd2 Be6 0-1